00394nam a22001457a 4500003000400000005001700004008004100021020001500062040000900077082001500086100002400101245006600125260004300191300001400234OSt20210412112504.0210412b ||||| |||| 00| 0 eng d a8182711932 coclc a297bELA/I a Elayavuru, Vanidas aIslam Samskrithi Chila Soumya Vicharangal/cVanidas Elayavuru aKozhikode:b Islamic Publishing House, a210 Pages